Strategic marketing management : planning, implementation and control /

Bibliographic Details
Main Author: Wilson, R. M. S. (Richard Malcolm Sano), 1946-
Other Authors: Gilligan, Colin
Format: Book
Language:English
Published: Amsterdam ; Boston ; London : Elsevier/Butterworth-Heinemann, 2005.
Edition:3rd ed.
Subjects:

MARC

Tag First Indicator Second Indicator Subfields
LEADER 00000cam a2200000 a 4500
001 in00002024926
005 20151031180640.0
008 040721s2005 ne a f b 001 0 eng
015 |a GBA455104  |2 bnb 
016 7 |a 012959343  |2 Uk 
020 |a 0750659386 (pbk.) 
035 |a (OCoLC)ocm56640169 
040 |a UKM  |c UKM  |d BWK  |d UtOrBLW 
049 |a TXAM 
050 4 |a HF5415.13  |b .W547 2005 
082 0 4 |a 658.8  |2 22 
100 1 |a Wilson, R. M. S.  |q (Richard Malcolm Sano),  |d 1946- 
245 1 0 |a Strategic marketing management :  |b planning, implementation and control /  |c Richard M.S. Wilson and Colin Gilligan. 
250 |a 3rd ed. 
264 1 |a Amsterdam ;  |a Boston ;  |a London :  |b Elsevier/Butterworth-Heinemann,  |c 2005. 
300 |a xii, 867 pages :  |b illustrations ;  |c 28 
336 |a text  |b txt  |2 rdacontent 
337 |a unmediated  |b n  |2 rdamedia 
338 |a volume  |b nc  |2 rdacarrier 
500 |a Previous edition: 1997. 
504 |a Includes bibliographical references (pages [813]-851) and index. 
650 0 |a Marketing  |x Management. 
650 0 |a Strategic planning. 
700 1 |a Gilligan, Colin. 
994 |a C0  |b TXA 
948 |a cataloged  |b h  |c 2005/3/16  |d c  |e bwalker  |f 10:41:51 am 
999 |a MARS 
999 f f |s a5d3b969-6f4a-3796-83f9-487f19bf17f4  |i afa5c5bf-0b2a-3baa-a46d-6218c302cc06  |t 0 
952 f f |p ric  |a Texas A&M University  |b Rellis Campus  |c Joint Library Facility  |d Remote Storage  |t 0  |e HF5415.13 .W547 2005  |h Library of Congress classification  |i unmediated -- volume  |m A14832287863 
998 f f |a HF5415.13 .W547 2005  |t 0  |l Remote Storage